|
|
|
|
| LEADER |
01332ppm a22003138a 4500 |
| 001 |
00033051 |
| 005 |
20171026081023.0 |
| 008 |
150326s2014 ||||||viesd |
| 041 |
0 |
# |
|a vie
|
| 082 |
1 |
4 |
|a 373.246
|b B305PH
|
| 100 |
1 |
# |
|a Phùng, Viết Nhiều
|
| 245 |
0 |
0 |
|a Biện pháp quản lý quá trình đào tạo của các trường Trung cấp nghề tỉnh Đồng tháp
|b Luận văn thạc sĩ Khoa học giáo dục. Chuyên ngành: Quản lý giáo dục . Mã số: 60 14 01 14
|c Phùng Viết Nhiều; Nguyễn Văn Đệ (hướng dẫn)
|
| 260 |
# |
# |
|a Đồng Tháp
|b Đại học Đồng Tháp
|c 2014
|
| 300 |
# |
# |
|a ix,95 tr.+ phụ lục
|c 30 cm.
|
| 500 |
# |
# |
|a ĐTTS ghi: Bộ giáo dục và đào tạo. Trường Đại học Đồng Tháp
|
| 653 |
# |
# |
|a Giáo dục hướng nghiệp
|
| 653 |
# |
# |
|a Luận văn
|
| 653 |
# |
# |
|a Đồng Tháp
|
| 653 |
# |
# |
|a Đào tạo
|
| 653 |
# |
# |
|a Trung cấp nghề
|
| 653 |
# |
# |
|a Quản lý
|
| 700 |
1 |
# |
|a Nguyễn, Văn Đệ
|e Hướng dẫn
|
| 852 |
# |
# |
|j LV.0000550
|j LV.0001663
|
| 852 |
# |
# |
|b Kho đọc SĐH
|j LV.0000550
|
| 910 |
0 |
# |
|a kchi
|d 26/3/2015
|
| 980 |
# |
# |
|a Trung tâm Học liệu Lê Vũ Hùng, Trường Đại học Đồng Tháp
|